| 000 | 00444nam a2200169 a 4500 | ||
|---|---|---|---|
| 005 | 20140310183319.0 | ||
| 008 | 060227s19uu xx 00 eng d | ||
| 020 | _a0553287737 | ||
| 050 |
_aPS 3562.U26 _b.L945 1991 |
||
| 100 | _aLudlum, Robert | ||
| 245 |
_aThe bourne ultimatum / _cRobert Ludlum. |
||
| 260 |
_aNew York : _bBantam Books, _c1991. |
||
| 300 |
_a662 p. : _c17 cm. |
||
| 650 | _aFiction. | ||
| 942 |
_cBK _2lcc |
||
| 999 |
_c21358 _d21358 |
||